Statistics for Bayern Munich

Click here to take the quiz!

General Stats

  • This quiz has been taken 40 times
  • The average score is 16 of 25

Answer Stats

Country Answer % Correct
PolandRobert Lewandowski
94%
HollandArjen Robben
91%
PortugalRenato Sanches
85%
GermanyJérôme Boateng
85%
AutriaDavid Alaba
82%
ChileArturo Vidal
76%
GermanyMats Hummels
76%
BrazilRafinha
76%
GermanyThomas Müller
76%
SpainThiago Alcântara
74%
GermanyManuel Neuer
71%
SpainJavi Martínez
71%
BrazilDouglas Costa
71%
FranceFranck Ribéry
71%
FranceKingsley Coman
71%
SpainJuan Bernat
65%
GermanyJoshua Kimmich
62%
SpainXabi Alonso
59%
GermanyPhilipp Lahm
59%
GermanyTom Starke
50%
GermanySven Ulreich
50%
UsaJulian Green
38%
GermanyFabian Benko
32%
GermanyHolger Badstuber
32%
GermanyNiklas Dorsch
21%

Score Distribution

Percentile by Number Answered

Percent of People with Each Score

Your Score History

You have not taken this quiz